000 01014nas a2200325 4500
001 BR2013002985
003 BR-BrBNA
005 20231205122230.0
007 ta
008 230509b bl.|||p| |||| 00| 00por d
040 _aBR-BrBNA
_bpor
_cBiblioteca Nacional de Agricultura
041 _a(Pt)
072 _aF02; F08
100 1 _aCosta, E.
100 1 _aFerreira, A.F.A.
100 1 _aSilva, P.N. de L.
100 1 _aNardelli, E.M.V.
245 1 _aDiferentes composições de substratos ambientes protegidos na formação de mudas de pé-franco de tamarindeiro
650 _aTAMARINDO
650 _aMUDA
650 _aSUBSTRATO DE CULTURA
650 _aCULTIVO PROTEGIDO
650 _aESTUFA
650 _aCOMPOSTO ORGÂNICO
650 _aINTERAÇÃO GENÉTICA
650 _aANÁLISE QUÍMICA
773 0 _tRevista Brasileira de Fruticultura (Brazil)
_xISSN 0100-2945
_g(Dez 2012), v. 34(4) p. 1189-1198
_wBR2013002985
909 _a202311
_bLúcia
_c55
_dLúcia Elande
942 _2AGRIS
_n0
_cANA
999 _c227594
_d227594